Využitie interných zdrojov tepla na predsúšanie biomasy v MONDI SCP diplomová práca
Na minha lista:
| Autor principal: | |
|---|---|
| Formato: | Livro |
| Idioma: | eslovaco |
| Publicado em: |
Bratislava
STU FCHPT
2016
|
| Acesso em linha: | View in OPAC |
| Tags: |
Sem tags, seja o primeiro a adicionar uma tag!
|
MARC
| LEADER | 00000nam a2200000 a 4500 | ||
|---|---|---|---|
| 005 | 20260127134415.0 | ||
| 008 | 160707 2016 000 0 slo d | ||
| 035 | |a vtls011565167 | ||
| 039 | 9 | |y 201607071032 |z mschk03 | |
| 040 | |a STUSCHK1 |b slo |c STUSCHK1 |e AACR2 | ||
| 100 | 1 | |a Jelínková, Iveta | |
| 245 | 1 | |a Využitie interných zdrojov tepla na predsúšanie biomasy v MONDI SCP |b diplomová práca |c Iveta Jelínková | |
| 260 | |a Bratislava |b STU FCHPT |c 2016 | ||
| 300 | |a 78 s. |b il. |c 25 cm | ||
| 500 | |a Študijný program: chemické inžinierstvo | ||
| 500 | |a Študijný odbor: chemické inžinierstvo | ||
| 500 | |a Školiace pracovisko: Odd. chemického a biochemického inžinierstva | ||
| 500 | |a Evid. číslo: FCHPT-5433-43119 | ||
| 910 | |a SCHK95 | ||
| 999 | |c 12042 |d 12042 | ||